000 00856cam a2200301 i 4500
001 0000653
003 DO-SdBNP
005 20240422112554.0
007 0000653
008 100514s 2003 mx | 000 f spa
015 _a
017 _a
_b
020 _a9681912942
035 _a
040 _aBPMSU
_bspa
_cBPMSU
_e
080 _a
082 4 _a303.625
_bS573m 2003
_222
100 1 _aSifaoui, Mohamed
245 1 0 _aMis "hermanos" asesinos :
_bel estremecedor relato de un periodista que logró infiltrarse en células de Al-Qaeda /
_cMohamed Sifaoui
260 _aMéxico :
_bAguilar,
_c2003.
300 _a140 p.:
_c23 cm
500 _a
650 4 _aPeriodistas
_zFrancia
_vRelatos personales
650 4 _aTerrorismo
_zFrancia
650 4 _aAl Qaeda
_xHistoria
_v
910 _aVMateo V. Control de calidad. BPMSU
942 _2ddc
_cBK
999 _c11303
_d11303